La importancia de llamarse Ernesto ; El abanico de Lady Windermere / (Record no. 84460)
[ view plain ]
| 000 -LEADER | |
|---|---|
| campo de control de longitud fija | 01435cam a2200397Ia 4500 |
| 001 - NÚMERO DE CONTROL | |
| campo de control | 89053 |
| 005 - FECHA Y HORA DE LA ÚLTIMA TRANSACCIÓN | |
| campo de control | 20230410132612.0 |
| 008 - DATOS DE LONGITUD FIJA--INFORMACIÓN GENERAL | |
| campo de control de longitud fija | 960828s1993 sp 000 0 spa d |
| 035 ## - NÚMERO DE CONTROL DEL SISTEMA | |
| Número de control de sistema | (OCoLC)ocm35315085 |
| 040 ## - FUENTE DE CATALOGACIÓN | |
| Centro catalogador/agencia de origen | MPC |
| Centro/agencia transcriptor | MPC |
| Centro/agencia modificador | PL# |
| -- | SAP |
| -- | BAKER |
| -- | YDXCP |
| -- | OCLCG |
| 020 ## - NÚMERO INTERNACIONAL ESTÁNDAR DEL LIBRO | |
| Número Internacional Estándar del Libro | 8476406568 (pbk.) |
| 020 ## - NÚMERO INTERNACIONAL ESTÁNDAR DEL LIBRO | |
| Número Internacional Estándar del Libro | 9788476406564 (pbk.) |
| 035 ## - NÚMERO DE CONTROL DEL SISTEMA | |
| Número de control de sistema | (OCoLC)35315085 |
| 041 1# - CÓDIGO DE IDIOMA | |
| Código de lengua del texto/banda sonora o título independiente | spa |
| Código de lengua original | eng |
| 050 14 - SIGNATURA TOPOGRÁFICA DE LA BIBLIOTECA DEL CONGRESO | |
| Número de clasificación | PR 5819 |
| Número de ítem | W672i 2005 |
| 049 ## - FONDOS LOCALES (OCLC) | |
| Biblioteca depositaria | GRAL |
| 100 1# - ENTRADA PRINCIPAL--NOMBRE DE PERSONA | |
| Nombre de persona | Wilde, Oscar, |
| Fechas asociadas al nombre | 1854-1900. |
| 245 13 - MENCIÓN DEL TÍTULO | |
| Título | La importancia de llamarse Ernesto ; El abanico de Lady Windermere / |
| Mención de responsabilidad, etc. | Oscar Wilde; Prólogo de Alfonso Sastre. |
| 246 30 - FORMA VARIANTE DEL TITULO | |
| Título propio/Titulo breve | Abanico de Lady Windermere |
| 260 ## - PUBLICACIÓN, DISTRIBUCIÓN, ETC. | |
| Lugar de publicación, distribución, etc. | Madrid : |
| Nombre del editor, distribuidor, etc. | Edaf, |
| Fecha de publicación, distribución, etc. | 2005 |
| 300 ## - DESCRIPCIÓN FÍSICA | |
| Extensión | 222 p. ; |
| Dimensiones | 18 cm. |
| 490 0# - MENCIÓN DE SERIE | |
| Mención de serie | Biblioteca Edaf ; |
| Designación de volumen o secuencia | 198 |
| 500 ## - NOTA GENERAL | |
| Nota general | Títulos originales: The importance of Being Earnest ; Lady Windermere's Fan. |
| 650 ## - PUNTO DE ACCESO ADICIONAL DE MATERIA--TÉRMINO DE MATERIA | |
| Término de materia o nombre geográfico como elemento de entrada | Colección Biblioteca Edaf. |
| 650 #7 - PUNTO DE ACCESO ADICIONAL DE MATERIA--TÉRMINO DE MATERIA | |
| Término de materia o nombre geográfico como elemento de entrada | Teatro ingles |
| Subdivisión de forma | Traducciones al español. |
| Fuente del encabezamiento o término | bidex |
| 653 ## - TÉRMINO DE INDIZACIÓN--NO CONTROLADO | |
| Término no controlado | Literatura inglesa |
| -- | Novela |
| -- | Siglo XIX. |
| 653 ## - TÉRMINO DE INDIZACIÓN--NO CONTROLADO | |
| Término no controlado | Novela inglesa |
| -- | Siglo XIX. |
| 700 1# - ENTRADA AGREGADA--NOMBRE PERSONAL | |
| Nombre de persona | Sastre, Alfonso, |
| Fechas asociadas al nombre | 1926- |
| 730 02 - ASIENTO SECUNDARIO--TITULO UNIFORME | |
| Título uniforme | Importance of being Earnest. |
| Lenguaje de la obra | Spanish. |
| 730 02 - ASIENTO SECUNDARIO--TITULO UNIFORME | |
| Título uniforme | Lady Windermere's fan. |
| Lenguaje de la obra | Spanish. |
| 938 ## - | |
| -- | Puvill Libros |
| -- | PUVL |
| -- | 8476406568 |
| -- | $3.94 |
| 938 ## - | |
| -- | YBP Library Services |
| -- | YANK |
| -- | 2665414 |
| 938 ## - | |
| -- | Baker & Taylor |
| -- | BKTY |
| -- | 6.99 |
| -- | 5.24 |
| -- | 8476406568 |
| -- | 0003683621 |
| -- | active |
| 942 ## - ELEMENTOS DE ENTRADA SECUNDARIOS (KOHA) | |
| Fuente del sistema de clasificación o colocación | Clasificación de Library of Congress |
| Tipo de ítem Koha | |
| 994 ## - | |
| -- | C0 |
| -- | DRFGD |
| Estatus retirado | Estado de pérdida | Fuente del sistema de clasificación o colocación | Estado de daño | No para préstamo | Colección | Biblioteca de origen | Biblioteca actual | Ubicación en estantería | Fecha de adquisición | Serial enumeration / chronology | Signatura topográfica completa | Código de barras | Visto por última vez | Copia número | Tipo de ítem Koha |
|---|---|---|---|---|---|---|---|---|---|---|---|---|---|---|---|
| Clasificación de Library of Congress | Humanidades | Biblioteca Juan Bosch | Biblioteca Juan Bosch | Humanidades (4to. Piso) | 10/04/2023 | 1 | PR 5819 W672i 2005 | 00000083031 | 25/10/2018 | 1 |
